melanie martinez discography quiz ! - Statistics

General Stats
  • This quiz has been taken 484 times
    424 since last reset
  • The average score is 44 of 54
Answer Stats
titles ♡ % Correct
cry baby
96%
dollhouse
95%
wheels on the bus
91%
class fight
89%
orange juice
89%
milk and cookies
88%
sippy cup
88%
death
87%
recess
87%
the principal
87%
carousel
86%
lunchbox friends
86%
tag, you're it
86%
training wheels
86%
high school sweethearts
85%
mad hatter
85%
nurse's office
85%
soap
85%
void
85%
cake
84%
detention
84%
alphabet boy
83%
drama club
83%
pity party
83%
show & tell
83%
strawberry shortcake
83%
teacher's pet
83%
play date
82%
mrs. potato head
81%
notebook
81%
pacify her
81%
teddy bear
81%
glued
80%
the bakery
80%
dead to me
79%
fire drill
79%
bittersweet tragedy
76%
copy cat
76%
evil
76%
field trip
75%
tunnel vision
75%
numbers
74%
spider web
74%
womb
74%
brain & heart
73%
gingerbread man
73%
nymphology
73%
test me
73%
the contortionist
73%
moon cycle
72%
leeches
71%
light shower
71%
battle of the larynx
69%
faerie soiree
67%
No matching quizzes found
Score Distribution
Percent of People with Each Score
Percentile by Number Answered
Your Score History
You have not taken this quiz since the last reset